00621cam a22001574a 4500020002800000082002900028100001700057245013700074260004700211300003500258526003700293650001400330650004300344650000800387856006800395 a0849335744 (alk. paper)00a551.49bBATcN-01, P-1461 aBatu, Vedat.10aApplied flow and solute transport modeling in aquifers :bfundamental principles and analytical and numerical methods /cVedat Batu. aBoca Raton, FL :bTaylor & Francis,c2006. a667 p. :bill., maps ;c26 cm. a0b0c0d551_490000000000000_BAT 0aAquifers. 0aGroundwater flowxMathematical models. 0aMCE42uhttp://www.loc.gov/catdir/enhancements/fy0648/2005041787-d.html